000 00945nam0a22002531 4500
001 rc\431189
005 20030616170755.7
035 _a(NLR Aleph) 005677879
090 _a7043320
_c7043320
100 _a20030616d1987 u |0rusy50 ca
101 0 _arus
102 _aRU
105 _aa |||||||||
200 1 _aКриохирургия
_e[Сб. ст.]
_fИркут. ин-т усоверш. врачей
_gПод ред. А.С. Когана, Э.И. Канделя
210 _aИркутск
_cБ. и.
_d1987 (1988)
215 _a193 с.
_cил.
_d20
320 _aБиблиогр.: с. 172-179 (146 назв.), 181-190 (58 назв.)
702 1 _aКоган
_bА. С.
_gАлександр Семенович
_4340
712 0 2 _aИркутский ин-т усовершенствования врачей
_3RU\NLR\AUTH\889957817
801 0 _aRU
_bNLR
_gpsbo
801 1 _aRU
_bELAR
_2rusmarc
852 _aNLR
_j88-3/10319
942 _cBOOK
980 _aNB